| 000 | 00667nam a2200241 a 4500 | ||
|---|---|---|---|
| 003 | AR-BaBNM | ||
| 005 | 20251128202912.0 | ||
| 008 | 082120s2002 ||||||||||||||000 | spa|| | ||
| 040 | _cAR-BaBNM | ||
| 100 | 1 | _aGammalsson, Hialmar Edmundo | |
| 245 | 0 | 0 | _aEl virrey Cevallos |
| 260 |
_aBuenos Aires _bPlus Ultra _c1976 |
||
| 300 | _a214 p. | ||
| 500 | _aFuentes documentales, bibliográficas y acotaciones al término de los capítulos | ||
| 650 | 4 | _aHISTORIA ARGENTINA | |
| 650 | 4 | _aBIOGRAFIAS | |
| 650 | 4 | _aHISTORIA DE BUENOS AIRES | |
| 650 | 4 | _aPERIODO HISPANICO | |
| 650 | 4 | _aSIGLO DIECIOCHO | |
| 655 | _aBIOGRAFIAS | ||
| 942 | _cBK | ||
| 998 | _cEnrique | ||
| 999 |
_c1118 _d1118 |
||